000
00307nam a22001337a 4500
008
181217b xxu||||| |||| 00| 0 eng d
020
_a
9780072231663
041
_a
eng
080
_a
004
100
_a
28
101
_a
SHK
245
_a
The Complete Reference Crystal Reports 10
_c
Peck,G
942
_2
udc
_c
BK
999
_c
53242
_d
53242